Score 0/20 Timer 03:00
2 Plays Today
Book Name % Correct
______ CopperfieldDavid
97.5%
______ and the Chocolate FactoryCharlie
97.3%
_____ Potter and the Goblet of FireHarry
97.1%
Uncle ___'s CabinTom
89.3%
The Tale of _____ RabbitPeter
81.4%
Dear _____John
67.5%
_____ MarnerSilas
56.5%
_____ FromeEthan
56.2%
Tuesdays with ______Morrie
56.2%
_______s WakeFinnegan
52.5%
Book Name % Correct
A Prayer for ____ MeanyOwen
44.2%
_____ BathgateBilly
38.7%
I, _______Claudius
38.6%
The Murder of _____ AckroydRoger
38.1%
______ ChuzzlewitMartin
30%
We Need to Talk About _____Kevin
28.4%
_____ the Champion of the WorldDanny
25%
The 500 Hats of _________ CubbinsBartholomew
22.4%
_______ OneginEugene
22%
______'s GameGerald
9.3%

Today's Daily Dose

You're not logged in!

Compare scores with friends on all Sporcle quizzes.
OR
Log In

Sporcle TV

Today on Sporcle TV


Watch our educational content, quiz creation guides, and fun videos on Sporcle TV.

Show Comments

Extras

Top Quizzes Today


Score Distribution

Your Account Isn't Verified!

In order to create a playlist on Sporcle, you need to verify the email address you used during registration. Go to your Sporcle Settings to finish the process.

Report this User

Report this user for behavior that violates our Community Guidelines.

Details: